| 000 | 00515 a2200157 4500 | ||
|---|---|---|---|
| 020 | _a8120326768 | ||
| 020 | _a9788120326767 | ||
| 082 | _a531 | ||
| 090 |
_c532 _d532 |
||
| 100 | 1 | _aSankara, Rao. | |
| 245 | 1 | 0 |
_aClassical mechanics / _cRao Sankara. |
| 260 |
_a[S.l.] : _bPrentice-Hall of India Pvt.Ltd, _c2006. |
||
| 300 |
_a416 p. ; _c25 cm. |
||
| 942 |
_aSNS _cBK _k531 RAO |
||
| 999 |
_c29162 _d29162 |
||